000 00984nam a2200241Ia 4500
003 Ost
005 20260507075651.0
008 260507s9999||||xx |||||||||||||| ||und||
020 _a×476119957
040 _cfsecg
041 _aara
082 _a330.15
100 _aالموسوي، عبد الرسول عبد الرزاق
_eمؤلف
245 0 _aدراسات الجدوى وتقييم المشروعات /
_c عبد الرسول عبد الرزاق الموسوي
260 _aعمان:
_bدار وائل للنشر والتوزيع,
_c2004
300 _a297 صفحة؛
_bإيضاحات ؛
_c25 سم
504 _aالمراجع ص.257 الملاحق ص.261
520 _aعناصر التحليل الإقتصادي- معايير التقييم المالي والإقتصادي- التقييم الإجتماعي والإقتصادي.
653 _aالتحليل الإقتصادي
653 _aالتقييم
653 _aالمشاريع
942 _cكتاب
999 _c45599
_d45599